Текст томруулах:    
Accounting (Бичлэгийн дугаар. 145968)
000 -УДИРДЛАГА
Удирдлага 00919 a2200313 4500
003 - ХЯНАЛТЫН ТОО ТОДОРХОЙЛОГЧ
Код MN-UlNUM
005 - БИЧИЛТ ХИЙСЭН ОГНОО
Тухайн бичилтийг бичсэн засварласан сүүлийн огноо 20251218140030.0
008 - ЕРӨНХИЙ МЭДЭЭЛЭЛ
Ерөнхий мэдээлэл 110605s2004 mau 001 | eng d
020 ## - ISBN
ISBN 0072834714
040 ## - БИЧЛЭГ ҮҮСГЭГЧ БАЙГУУЛЛАГА
Бичлэг үүсгэгч номын сангийн код МУИС-ийн номын сан
084 ## - ББК АНГИЛАЛ
ББК ангилал 65.052
Зохиогчийн гурван тэмдэгт M 35
Нэмэлт тусгалт Сурах бичиг
Мэдлэгийн ялгаа 65 - Эдийн засаг
100 1# - ЗОХИОГЧ
Зохиогчийн нэр Marshall, David H
245 10 - ҮНДСЭН ГАРЧИГ
Номын нэр Accounting
Бага гарчгийн мэдээ What the numbers mean
250 ## - ДАХИН ХЭВЛЭЛТ
Дахин гаралтын дугаар 6th edition
260 ## - ГАРАЛТЫН МЭДЭЭ
Хэвлэгдсэн газар Boston
Хэвлэлийн газар McGraw-Hill/Irwin
Хэвлэгдсэн он 2004
500 ## - Тайлбар
Дансны дугаар БС 4624
546 ## - ХЭЛНИЙ ТУХАЙ МЭДЭЭ
Хэл Англи хэл дээр,
653 ## - Түлхүүр үг
Түлхүүр үг study outlines
653 ## - Түлхүүр үг
Түлхүүр үг powerpoint
653 ## - Түлхүүр үг
Түлхүүр үг solutions
700 1# - ХАМ ЗОХИОГЧИД
Ба бус McManus, Wayne W
700 1# - ХАМ ЗОХИОГЧИД
Ба бус Viele, Daniel F
740 ## - НОМЫН ГАРЧИГ
Гарчиг Accounting-Present and Past
740 ## - НОМЫН ГАРЧИГ
Гарчиг Financial Statements and Accounting Concepts/Principles
740 ## - НОМЫН ГАРЧИГ
Гарчиг Fundamental Interpretations Made From financial statements Data
740 ## - НОМЫН ГАРЧИГ
Гарчиг The Bookkeeping Process and Transaction Analysis
942 ## - ЭЛЕМЕНТИЙН ТӨРӨЛ
Зүйлийн төрөл Ном